| 000 | 00433 a2200145 4500 | ||
|---|---|---|---|
| 001 | 154213 | ||
| 040 | _cEscola São Tomás de Aquino | ||
| 100 | _aMACHADO,Lucia Helena Monteiro | ||
| 240 | 1 | 0 |
_aA filha da paciência ; na época da geração complemento _lpor |
| 245 | 1 | 0 | _aA filha da paciência ; na época da geração complemento |
| 362 | 0 | _a2001 | |
| 440 | 1 | _aBDMG Cultural | |
| 697 | _aLITERATURA BRASILEIRA | ||
| 942 | _cBK | ||
| 999 |
_c154213 _d154213 |
||